| 000 | 00687nam a2200289Ia 4500 | ||
|---|---|---|---|
| 001 | Z_4364 | ||
| 003 | CHAP | ||
| 008 | 220113s1974 xx 000 0 und d | ||
| 010 | _a167434 | ||
| 040 | _cCHAP | ||
| 082 | _a574.12 C65 | ||
| 100 |
_aComroe, Julius H _926146 |
||
| 245 |
_aPhysiology of respiration : an introductory text / _cpor Julius H Comroe |
||
| 260 |
_aChicago : _bYear Book Medical Publishers, _c1974 |
||
| 300 |
_a316 p. : _bilus. |
||
| 440 | _a | ||
| 500 | _a | ||
| 503 | _a | ||
| 650 |
_aFisiología _941127 |
||
| 650 |
_aRespiración _996165 |
||
| 901 | _a574.12 C65 | ||
| 902 | _aA | ||
| 910 | _a1974 | ||
| 942 | _c1 | ||
| 942 | _cc1 | ||
| 999 |
_c167434 _d167434 |
||